Original Colonial College Names - Statistics

General Stats
  • This quiz has been taken 13 times
  • The average score is 7 of 9
Answer Stats
Answer % Correct
Harvard University
100%
Brown University
82%
Columbia University
82%
Princeton University
82%
University of Pennsylvania
82%
College of William and Mary
73%
Dartmouth College
73%
Yale University
73%
Rutgers University
55%
No matching quizzes found
Score Distribution
Percent of People with Each Score
Percentile by Number Answered
Your Score History
You have not taken this quiz